000 00561nam a2200229Ia 4500
003 OSt
005 20220924142113.0
006 a|||||r|||| 00| 0
007 ta
008 220923b |||||||| |||| 00| 0 ben d
024 _a300430
037 _cTextual
040 _aARTS
_cARTS
_bben
041 _2ben
_aben
082 _aU8:2MH.N7, 157L3
100 _aSarkar
_9104788
245 0 _aRuptirtha rupkund homkund
260 _c1973
650 _aGEOGRAPHY
942 _hU8:2MH.N7, 157L3
_cTEXL
_2CC
999 _c449319
_d449319